000 00805nam a2200277Ia 4500
003 OSt
005 20221006160609.0
006 a|||||r|||| 00| 0
007 ta
008 221006b |||||||| |||| 00| 0 eng d
020 _a9780745653594
_c
_22.95
024 _a45,576
037 _b5744, 20/03/2015, Orange Books International
_cTextual
040 _aEASL
_cEASL
_beng
041 _2eng
_aeng
082 _aY31.41.P11, Q3
100 _aRen Xuefei
_9290878
245 0 _aUrban China
260 _aCambridge
_bPolity
_c2013
300 _a238p.
_ccm.
490 _v CEL
_aChina today series
650 _a CEL
650 _aChina - Rural
_9674295
942 _hY31.41.P11, Q3
_cTEXL
_2CC
999 _c1113668
_d1113668